000 00366nam a2200145Ia 4500
008 230917s9999||||xx |||||||||||||| ||und||
040 _e38257
_aMAIN
041 _aEnglish
082 _a658.42 F87B
100 _aFrean, David
245 4 _aThe board and management development
260 _aEuropa
_bBusiness Books
_c1977
300 _axviii, 188 p.
942 _cBK
999 _c210139
_d210139